Интегрированная система управления проектами научно-технического центра нефтяной компании "Роснефть"; Известия Томского политехнического университета [Известия ТПУ]; Т. 311, № 5 : Управление, вычислительная техника и информатика
| Parent link: | Известия Томского политехнического университета [Известия ТПУ]/ Томский политехнический университет (ТПУ).— , 2000- Т. 311, № 5 : Управление, вычислительная техника и информатика.— 2007.— [С. 40-46] |
|---|---|
| Altri autori: | , , , , , |
| Riassunto: | Заглавие с титульного листа Электронная версия печатной публикации Предложена концепция и описана структура трехуровневой интегрированной системы управления проектами в проектно-ориентированной организации. Синергетический эффект при внедрении такой системы достигается за счет системных действий по таким направлениям как: повышение управляемости организации и прозрачности принятия решений; упорядочивание документопотоков; формализация и оптимизация проектной деятельности; создание неизбыточной и непротиворечивой систем нормативных документов по всем направлениям деятельности организации. |
| Lingua: | russo |
| Pubblicazione: |
2007
|
| Serie: | Управление, вычислительная техника и информатика |
| Soggetti: | |
| Accesso online: | http://www.lib.tpu.ru/fulltext/v/Bulletin_TPU/2007/v311/i5/08.pdf |
| Natura: | MixedMaterials Elettronico Capitolo di libro |
| KOHA link: | https://koha.lib.tpu.ru/cgi-bin/koha/opac-detail.pl?biblionumber=172699 |
MARC
| LEADER | 00000nla2a2200000 4500 | ||
|---|---|---|---|
| 001 | 172699 | ||
| 005 | 20240207145402.0 | ||
| 035 | |a (RuTPU)RU\TPU\book\187275 | ||
| 035 | |a RU\TPU\book\187273 | ||
| 090 | |a 172699 | ||
| 100 | |a 20091215d2007 k y0rusy50 ca | ||
| 101 | 0 | |a rus | |
| 102 | |a RU | ||
| 135 | |a drnn ---uucaa | ||
| 181 | 0 | |a i | |
| 182 | 0 | |a b | |
| 200 | 1 | |a Интегрированная система управления проектами научно-технического центра нефтяной компании "Роснефть" |f В. В. Четвериков [и др.] | |
| 203 | |a Текст |c электронный | ||
| 215 | |a 1 файл (324 Кб) | ||
| 225 | 1 | |a Управление, вычислительная техника и информатика | |
| 300 | |a Заглавие с титульного листа | ||
| 300 | |a Электронная версия печатной публикации | ||
| 320 | |a [Библиогр.: с. 46 (3 назв.)] | ||
| 330 | |a Предложена концепция и описана структура трехуровневой интегрированной системы управления проектами в проектно-ориентированной организации. Синергетический эффект при внедрении такой системы достигается за счет системных действий по таким направлениям как: повышение управляемости организации и прозрачности принятия решений; упорядочивание документопотоков; формализация и оптимизация проектной деятельности; создание неизбыточной и непротиворечивой систем нормативных документов по всем направлениям деятельности организации. | ||
| 337 | |a Adobe Reader | ||
| 461 | 1 | |0 (RuTPU)RU\TPU\book\176237 |t Известия Томского политехнического университета [Известия ТПУ] |f Томский политехнический университет (ТПУ) |d 2000- | |
| 463 | 1 | |0 (RuTPU)RU\TPU\book\187250 |t Т. 311, № 5 : Управление, вычислительная техника и информатика |v [С. 40-46] |d 2007 |p 150 с. | |
| 610 | 1 | |a интегрированные системы управления | |
| 610 | 1 | |a проекты | |
| 610 | 1 | |a научно-технические центры | |
| 610 | 1 | |a нефтяные компании | |
| 610 | 1 | |a концепции | |
| 610 | 1 | |a проектно-ориентированные организации | |
| 610 | 1 | |a синергетические эффекты | |
| 610 | 1 | |a документопотоки | |
| 610 | 1 | |a проектная деятельность | |
| 610 | 1 | |a нормативные документы | |
| 610 | 1 | |a труды учёных ТПУ | |
| 610 | 1 | |a электронный ресурс | |
| 701 | 1 | |a Четвериков |b В. В. | |
| 701 | 1 | |a Гордиевских |b В. В. | |
| 701 | 1 | |a Громаков |b Е. И. |c специалист в области автоматизированных систем управления |c доцент Томского политехнического университета, кандидат технических наук |f 1943- |g Евгений Иванович |3 (RuTPU)RU\TPU\pers\25727 |9 11629 | |
| 701 | 1 | |a Малышенко |b А. М. |c специалист в области информатики и вычислительной техники |c профессор Томского политехнического университета, доктор технических наук |c член-корреспондент Академии электротехнических наук РФ |c действительный член Международной академии наук высшей школы |f 1937- |g Александр Максимович |3 (RuTPU)RU\TPU\pers\21983 |9 9294 | |
| 701 | 1 | |a Воронин |b А. В. |c специалист в области информатики и вычислительной техники |c доцент Томского политехнического университета, кандидат технических наук |f 1947- |g Александр Васильевич |3 (RuTPU)RU\TPU\pers\27346 |9 12717 | |
| 701 | 1 | |a Галактионов |b Е. А. | |
| 801 | 1 | |a RU |b 63413507 |c 20090623 |g PSBO | |
| 801 | 2 | |a RU |b 63413507 |c 20211118 |g PSBO | |
| 856 | 4 | |u http://www.lib.tpu.ru/fulltext/v/Bulletin_TPU/2007/v311/i5/08.pdf | |
| 942 | |c CF | ||